[Event "II Open Internazionale"]
[Site "Lodi ITA"]
[Date "2006.06.09"]
[Round "7"]
[White "Brigati, Alessandro"]
[Black "Giretti Kanev, Jasen"]
[Result "0-1"]
[WhiteElo "2080"]
[BlackElo "2220"]
[PlyCount "54"]
[EventDate "2006.06.05"]

1. d4 Nf6 2. c4 e6 3. Nc3 Bb4 4. Qc2 O-O 5. a3 Bxc3+ 6. Qxc3 d5 7. e3 Nbd7 8.
Nf3 c5 9. dxc5 Nxc5 10. Be2 Nfe4 11. Qc2 Bd7 12. b4 Ba4 13. Qb2 Nb3 14. Rb1 Rc8
15. c5 b6 16. Nd4 Nxc1 17. Rxc1 bxc5 18. bxc5 Rb8 19. Qa1 Qa5+ 20. Kf1 Nd2+ 21.
Kg1 Rfc8 22. g3 e5 23. Nf5 Qc7 24. Bd1 Bc6 25. Nd6 d4 26. Nxc8 Qxc8 27. exd4
Qh3 0-1

[Event "II Open Internazionale"]
[Site "Lodi ITA"]
[Date "2006.06.09"]
[Round "7"]
[White "Brunello, Sabino"]
[Black "Bonade', Massimo"]
[Result "1-0"]
[WhiteElo "2339"]
[BlackElo "2104"]
[PlyCount "66"]
[EventDate "2006.06.05"]

1. e4 c5 2. Nf3 d6 3. d4 cxd4 4. Nxd4 Nf6 5. Nc3 a6 6. Be3 e5 7. Nb3 Be6 8. f3
Nbd7 9. Qd2 Be7 10. O-O-O b5 11. g4 Nb6 12. Qf2 Nfd7 13. Kb1 Nc4 14. Bc1 Qb6
15. Qe1 a5 16. Nd5 Bxd5 17. Rxd5 a4 18. Nd2 Qa6 19. Nxc4 bxc4 20. Qb4 Nb6 21.
Qb5+ Kd8 22. Qxa6 Rxa6 23. Rb5 Kc7 24. Be3 Kc6 25. Rb4 d5 26. exd5+ Nxd5 27.
Rxc4+ Kb7 28. Bc5 Ra5 29. Bxe7 Nxe7 30. f4 exf4 31. Rxf4 f6 32. Bg2+ Kc7 33.
Rd1 Rd8 1-0

[Event "II Open Internazionale"]
[Site "Lodi ITA"]
[Date "2006.06.09"]
[Round "7"]
[White "Castellanos Rodriguez, Renier"]
[Black "Rombaldoni, Denis"]
[Result "1-0"]
[WhiteElo "2467"]
[BlackElo "2322"]
[PlyCount "77"]
[EventDate "2006.06.05"]

1. e4 c6 2. d4 d5 3. e5 Bf5 4. Be3 e6 5. Nd2 Nd7 6. Be2 Ne7 7. f4 Qb6 8. Nb3 g5
9. Nf3 gxf4 10. Bxf4 Ng6 11. Bd2 a6 12. Qc1 Be7 13. c4 dxc4 14. Na5 Bd3 15.
Nxc4 Bxc4 16. Qxc4 Qxb2 17. Kf2 Qb6 18. Rab1 Qa7 19. Be3 c5 20. d5 b5 21. Qe4
Qb7 22. a4 exd5 23. Qf5 d4 24. Bh6 Qd5 25. axb5 c4 26. bxa6 d3 27. Rhd1 Bc5+
28. Kg3 Rg8 29. Kh3 Ngxe5 30. Bf1 Rxa6 31. Bf4 Re6 32. Nxe5 Rf6 33. Qxd7+ Qxd7+
34. Nxd7 Kxd7 35. g3 Rb6 36. Rbc1 Rb4 37. Bxd3 cxd3 38. Rxc5 Rd4 39. Rc3 1-0

[Event "II Open Internazionale"]
[Site "Lodi ITA"]
[Date "2006.06.09"]
[Round "7"]
[White "Contin, Daniel"]
[Black "Zambrana, Oswaldo"]
[Result "1-0"]
[WhiteElo "2396"]
[BlackElo "2425"]
[PlyCount "69"]
[EventDate "2006.06.05"]

1. c4 e6 2. Nf3 d5 3. g3 Nf6 4. Bg2 Be7 5. O-O O-O 6. b3 b6 7. Bb2 Bb7 8. e3 c5
9. Qe2 Nc6 10. Rd1 dxc4 11. bxc4 Qc7 12. Nc3 Rac8 13. Rab1 Rfd8 14. Ba1 Qb8 15.
d3 Nd7 16. Ne4 Bf8 17. Nfg5 h6 18. Qh5 Nce5 19. f4 Bxe4 20. Nxe4 Nc6 21. Qe2 f5
22. Nf2 Be7 23. g4 Bf6 24. gxf5 exf5 25. Bd5+ Kh8 26. Bxf6 Nxf6 27. Be6 Re8 28.
Bxc8 Nd4 29. Qf1 Rxe3 30. Kh1 Qxc8 31. Re1 Rf3 32. Qg2 Nh5 33. Qg6 Nf6 34. Re7
Ne6 35. Re1 1-0

[Event "II Open Internazionale"]
[Site "Lodi ITA"]
[Date "2006.06.09"]
[Round "7"]
[White "Efimov, Igor"]
[Black "Mrdja, Milan"]
[Result "0-1"]
[WhiteElo "2437"]
[BlackElo "2409"]
[PlyCount "106"]
[EventDate "2006.06.05"]

1. d4 Nf6 2. c4 c5 3. d5 e6 4. Nc3 exd5 5. cxd5 Bd6 6. e4 O-O 7. Bd3 Bc7 8. Bg5
d6 9. Nge2 a6 10. a4 Nbd7 11. O-O h6 12. Bh4 Ne5 13. f4 Ng6 14. Bg3 Nh5 15. Be1
Rb8 16. h3 Re8 17. Rb1 Ba5 18. g4 Nf6 19. Bg3 b5 20. axb5 c4 21. Bc2 axb5 22.
e5 dxe5 23. Bxg6 exf4 24. Bxf4 fxg6 25. Bxb8 Qb6+ 26. Nd4 Qxb8 27. Qf3 Bb6 28.
Ncxb5 Bb7 29. Rbd1 Bxd5 30. Qf4 Qd8 31. Nd6 g5 32. Qh2 Re7 33. N6f5 Rd7 34. Qe5
Kh7 35. Rf2 Be4 36. Rdd2 Rd5 37. Ne6 Bxf2+ 38. Rxf2 Qb6 39. Nf8+ Kg8 40. Ne7+
Kxf8 41. Nxd5 Bxd5 42. Kf1 Qc6 43. Re2 Kg8 44. Ke1 Be4 45. Re3 Kh7 46. Ra3 Qb6
47. Kf1 Bd3+ 48. Kg2 Qb7+ 49. Kh2 Qf3 50. Qg3 Qe2+ 51. Qg2 Qe5+ 52. Kg1 Ne4 53.
Ra1 Ng3 0-1

[Event "II Open Internazionale"]
[Site "Lodi ITA"]
[Date "2006.06.09"]
[Round "7"]
[White "Fedorchuk, Sergey A."]
[Black "Hossain, Enamul"]
[Result "1-0"]
[WhiteElo "2576"]
[BlackElo "2460"]
[PlyCount "55"]
[EventDate "2006.06.05"]

1. e4 c5 2. Nf3 Nc6 3. Bb5 g6 4. Bxc6 dxc6 5. d3 Bg7 6. h3 Nf6 7. Nc3 O-O 8.
Bf4 Nd7 9. Qd2 Re8 10. Bh6 Bh8 11. h4 Nf6 12. h5 Ng4 13. hxg6 hxg6 14. O-O-O e5
15. Bg5 Qd6 16. Nh2 Bg7 17. f3 Nf6 18. g4 Nh7 19. Be3 Nf8 20. g5 b6 21. Rdg1
Be6 22. Qf2 Nd7 23. Ng4 Bxg4 24. Rxg4 Nf8 25. f4 exf4 26. Bxf4 Qd7 27. Rgh4 Ne6
28. Be5 1-0

[Event "II Open Internazionale"]
[Site "Lodi ITA"]
[Date "2006.06.09"]
[Round "7"]
[White "Lazic, Miroljub"]
[Black "Postny, Evgeny"]
[Result "1/2-1/2"]
[WhiteElo "2493"]
[BlackElo "2572"]
[PlyCount "97"]
[EventDate "2006.06.05"]

1. d4 Nf6 2. Nf3 e6 3. Bf4 b6 4. e3 Bb7 5. Nbd2 Be7 6. h3 O-O 7. Bd3 c5 8. c3
Nc6 9. O-O d5 10. Ne5 Nxe5 11. dxe5 Nd7 12. Qg4 Re8 13. Nf3 f5 14. exf6 Bxf6
15. Bb5 a6 16. Bxd7 Qxd7 17. Be5 Qf7 18. Rfd1 Rad8 19. Qg3 Bxe5 20. Nxe5 Qf6
21. b4 Qe7 22. Rab1 Rc8 23. bxc5 b5 24. Rd4 Rxc5 25. Rf4 Rxc3 26. Rf7 Qxf7 27.
Nxf7 Kxf7 28. a4 Bc6 29. Rb4 e5 30. axb5 axb5 31. Qg5 Rc4 32. Rb1 Kg8 33. h4
Bd7 34. f3 h6 35. Qg6 Re6 36. Qf5 b4 37. Ra1 Ra6 38. Qxe5 Rxa1+ 39. Qxa1 b3 40.
Qa8+ Kh7 41. Qb7 Ba4 42. Kh2 Rc2 43. Qxd5 b2 44. Qe4+ Kh8 45. Qxa4 b1=Q 46.
Qe8+ Kh7 47. Qe4+ Kg8 48. Qe8+ Kh7 49. Qe4+ 1/2-1/2

[Event "II Open Internazionale"]
[Site "Lodi ITA"]
[Date "2006.06.09"]
[Round "7"]
[White "Majer, Christopher E."]
[Black "Porter, Russel"]
[Result "0-1"]
[WhiteElo "1993"]
[BlackElo "2201"]
[PlyCount "94"]
[EventDate "2006.06.05"]

1. e4 c5 2. d4 cxd4 3. c3 dxc3 4. Nxc3 Nc6 5. Nf3 d6 6. Bc4 e6 7. O-O Be7 8.
Qe2 Nf6 9. Rd1 Qc7 10. Bf4 a6 11. e5 Nh5 12. exd6 Nxf4 13. dxc7 Nxe2+ 14. Bxe2
Bd7 15. Na4 Rc8 16. Nb6 Rxc7 17. Rac1 Bd8 18. Bf1 Nb8 19. Nxd7 Rxc1 20. Rxc1
Nxd7 21. Bd3 O-O 22. Be4 b6 23. b4 Be7 24. Rc7 Rd8 25. Bd3 Bxb4 26. Bxa6 Bc5
27. Kf1 Nf6 28. Ke2 Nd5 29. Rc8 Rxc8 30. Bxc8 Nc3+ 31. Ke1 Nxa2 32. Ne5 Nb4 33.
Ke2 Kf8 34. Bb7 Nd5 35. g3 Ke7 36. Nd3 Kd6 37. Nf4 Nc3+ 38. Ke1 Nb5 39. Ba6 Nd4
40. h4 b5 41. Ne2 Nf3+ 42. Kf1 Kc6 43. Nc3 Nd4 44. Nb1 Bb4 45. Kg2 Nf5 46. Kf3
Nd6 47. Ke2 Kb6 0-1

[Event "II Open Internazionale"]
[Site "Lodi ITA"]
[Date "2006.06.09"]
[Round "7"]
[White "Philippe, Christophe"]
[Black "Fraser-Mitchell, Jeremy N."]
[Result "0-1"]
[WhiteElo "2399"]
[BlackElo "2107"]
[PlyCount "78"]
[EventDate "2006.06.05"]

1. e4 e6 2. d4 d5 3. Nc3 Bb4 4. e5 c5 5. Qg4 Ne7 6. Nf3 Qc7 7. Bd2 cxd4 8. Nb5
Bxd2+ 9. Kxd2 Qa5+ 10. Kd1 O-O 11. Bd3 h6 12. h4 Nd7 13. Rh3 f5 14. Qf4 Nc5 15.
Nfxd4 Bd7 16. Nd6 Ne4 17. Bxe4 dxe4 18. Rg3 Kh7 19. c3 b5 20. h5 b4 21. c4 Qc5
22. Nb3 Ba4 23. Ke1 Bxb3 24. axb3 Nc6 25. Kf1 Nxe5 26. Nb7 Qd4 27. Kg1 Rf7 28.
Na5 Rd8 29. Re3 Rdd7 30. Re2 Ng4 31. Nc6 Qd1+ 32. Re1 Qc2 33. Rac1 Qxb2 34. c5
e5 35. Qg3 Rd3 36. Qh4 Rfd7 37. Nxb4 Rd2 38. c6 Qxc1 39. f3 Rd1 0-1

[Event "II Open Internazionale"]
[Site "Lodi ITA"]
[Date "2006.06.09"]
[Round "7"]
[White "Ricardi, Pablo Oswaldo"]
[Black "Tissir, Mohamed"]
[Result "1/2-1/2"]
[WhiteElo "2515"]
[BlackElo "2439"]
[PlyCount "66"]
[EventDate "2006.06.05"]

1. Nf3 Nf6 2. c4 e6 3. g3 d5 4. d4 dxc4 5. Bg2 Bb4+ 6. Bd2 Be7 7. O-O O-O 8.
Qc2 Bd7 9. Qxc4 Bc6 10. Nc3 Nbd7 11. Rfd1 h6 12. Rac1 Rc8 13. Qd3 a6 14. a3 b5
15. Be1 Bb7 16. b4 Bd6 17. e4 e5 18. Qb1 Qe8 19. Bd2 exd4 20. Nxd4 Be5 21. Nf5
c5 22. Nd5 Nxd5 23. exd5 c4 24. f4 c3 25. Be1 Bb8 26. Bxc3 Rxc3 27. Rxc3 Nf6
28. h3 Qd8 29. Kh2 g6 30. d6 Bxg2 31. Ne7+ Kh7 32. Rc8 Qd7 33. f5 Rxc8 1/2-1/2

[Event "II Open Internazionale"]
[Site "Lodi ITA"]
[Date "2006.06.09"]
[Round "7"]
[White "Salvador, Roland"]
[Black "Abdulla, Al Rakib"]
[Result "1/2-1/2"]
[WhiteElo "2396"]
[BlackElo "2484"]
[PlyCount "73"]
[EventDate "2006.06.05"]

1. d4 d5 2. Nf3 Nf6 3. c4 c6 4. Nc3 dxc4 5. a4 Bf5 6. Ne5 Nbd7 7. Nxc4 Qc7 8.
g3 e5 9. dxe5 Nxe5 10. Bf4 Nfd7 11. Bg2 g5 12. Bxe5 Nxe5 13. Qd4 f6 14. O-O-O
Be7 15. Ne3 Bg6 16. h4 Qb6 17. Qxb6 axb6 18. h5 Bf7 19. f4 gxf4 20. gxf4 Nd7
21. Nf5 Nc5 22. Rh3 Be6 23. Ng7+ Kf7 24. Nxe6 Nxe6 25. Be4 Nxf4 26. Rf3 Ne6 27.
Bb1 Ng5 28. Rfd3 Rhd8 29. Rd7 Rxd7 30. Rxd7 Rb8 31. Bf5 Ke8 32. Kc2 h6 33. b3
Nf7 34. Ne4 Ne5 35. Rd1 Rd8 36. Be6 Rxd1 37. Kxd1 1/2-1/2

[Event "II Open Internazionale"]
[Site "Lodi ITA"]
[Date "2006.06.09"]
[Round "7"]
[White "Soppe, Guillermo G."]
[Black "Drazic, Sinisa"]
[Result "1-0"]
[WhiteElo "2409"]
[BlackElo "2497"]
[PlyCount "113"]
[EventDate "2006.06.05"]

1. Nf3 g6 2. c4 Bg7 3. Nc3 d6 4. d4 Nf6 5. Bg5 O-O 6. e3 c6 7. Be2 a6 8. O-O b5
9. a3 Nbd7 10. Rc1 Bb7 11. Nd2 h6 12. Bh4 d5 13. cxd5 cxd5 14. b4 Nb6 15. Nb3
Nc4 16. Nc5 Bc6 17. a4 Nd7 18. Nxa6 bxa4 19. b5 Bxb5 20. Nb4 Nb2 21. Qc2 Bxe2
22. Qxe2 g5 23. Bg3 a3 24. Nc6 Qb6 25. Nxd5 Qb3 26. Rc3 Qb7 27. Ndxe7+ Kh8 28.
Ra1 a2 29. h3 Nf6 30. Qc2 Na4 31. Rb3 Nb6 32. Rxa2 Nfd7 33. Rxa8 Qxa8 34. Rb1
Qa3 35. Nf5 Re8 36. Nxg7 Kxg7 37. Ne5 Qa6 38. Nxd7 Nxd7 39. Qf5 Nf8 40. Be5+ f6
41. Bg3 Re7 42. h4 Rf7 43. hxg5 hxg5 44. d5 Qa5 45. e4 Kh6 46. Rd1 Qa4 47. Qf3
Qd7 48. d6 Ng6 49. Rc1 Kg7 50. Qb3 Qe8 51. Rc7 Nf8 52. Qd5 Nd7 53. Qf5 Kh6 54.
f4 gxf4 55. Bxf4+ Kg7 56. Rc3 Kh8 57. Qh5+ 1-0

[Event "II Open Internazionale"]
[Site "Lodi ITA"]
[Date "2006.06.09"]
[Round "7"]
[White "Stella, Andrea"]
[Black "Spielmann, Alain"]
[Result "0-1"]
[WhiteElo "2114"]
[BlackElo "2250"]
[PlyCount "62"]
[EventDate "2006.06.05"]

1. e4 c6 2. Nc3 d5 3. Nf3 dxe4 4. Nxe4 Nf6 5. Nxf6+ exf6 6. d4 Bd6 7. Bd3 O-O
8. O-O Bg4 9. c3 Bc7 10. Re1 Qd6 11. h3 Bh5 12. Re3 Nd7 13. Qe2 Rfd8 14. Bd2
Bxf3 15. Qxf3 Qh2+ 16. Kf1 Qh1+ 17. Ke2 Qxa1 18. Qe4 f5 19. Qxf5 g6 20. Qf3
Qxa2 21. c4 Re8 22. Qg4 Rxe3+ 23. Bxe3 Qxb2+ 24. Kf3 Nf6 25. Qh4 Qc3 26. Qxf6
Qxd3 27. g4 Re8 28. Qg5 f6 29. Qh6 Rxe3+ 30. fxe3 Qf1+ 31. Ke4 f5+ 0-1

[Event "II Open Internazionale"]
[Site "Lodi ITA"]
[Date "2006.06.09"]
[Round "7"]
[White "Wohl, Aleksandar H."]
[Black "Varga, Zoltan"]
[Result "1/2-1/2"]
[WhiteElo "2432"]
[BlackElo "2515"]
[PlyCount "140"]
[EventDate "2006.06.05"]

1. e4 Nf6 2. e5 Nd5 3. d4 d6 4. c4 Nb6 5. exd6 exd6 6. Bd3 Be7 7. Nc3 c6 8. h3
d5 9. cxd5 Nxd5 10. Nf3 Be6 11. O-O Nd7 12. Re1 Nf8 13. Ne4 Bf5 14. Nf6+ Nxf6
15. Bxf5 Ng6 16. Qe2 Nd5 17. Bg5 Kf8 18. Bxe7+ Ndxe7 19. Bc2 Nd5 20. Qe4 Qf6
21. g3 Rd8 22. Rad1 Qd6 23. Bb3 f6 24. h4 Qd7 25. Qe6 Qxe6 26. Rxe6 Kf7 27.
Rde1 Rd7 28. a3 Rhd8 29. R6e2 Nge7 30. Kh2 Nc8 31. Kg2 Re7 32. Bc2 Rxe2 33.
Rxe2 g6 34. h5 Nce7 35. Re1 Nc7 36. hxg6+ hxg6 37. Bb3+ Kf8 38. Bc4 Rd7 39. g4
g5 40. Rh1 Ng6 41. Kg3 Nf4 42. Rh8+ Kg7 43. Rg8+ Kh7 44. Rb8 Nce6 45. Bxe6 Nxe6
46. Re8 Nf4 47. Re4 Kg8 48. Re8+ Kf7 49. Rh8 Kg6 50. Rg8+ Rg7 51. Rxg7+ Kxg7
52. Ng1 Kf7 53. Kf3 Nd3 54. b3 Nc1 55. b4 Ke6 56. Ke4 b5 57. Nh3 Nb3 58. f4
Nd2+ 59. Kd3 Nc4 60. fxg5 Nxa3 61. Nf4+ Kf7 62. g6+ Kg7 63. Ke4 Nc2 64. d5
cxd5+ 65. Kxd5 a6 66. Kc5 Kh6 67. Nd5 Kxg6 68. Kb6 Kg5 69. Kxa6 Nxb4+ 70. Nxb4
Kxg4 1/2-1/2

[Event "II Open Internazionale"]
[Site "Lodi ITA"]
[Date "2006.06.10"]
[Round "8"]
[White "Finocchiaro, Gianluca"]
[Black "Borda, Alan"]
[Result "1/2-1/2"]
[WhiteElo "1934"]
[BlackElo "2105"]
[PlyCount "43"]
[EventDate "2006.06.05"]

1. e4 c6 2. d4 d5 3. exd5 cxd5 4. Bf4 Nf6 5. Bd3 Nc6 6. c3 e6 7. Nf3 Be7 8.
Nbd2 a6 9. O-O O-O 10. Ne5 Nxe5 11. dxe5 Ne8 12. Re1 b5 13. Re3 g6 14. Rh3 Ng7
15. Nb3 f5 16. Qf3 g5 17. Rh6 gxf4 18. Qh3 Qe8 19. Rxh7 Qg6 20. Rh6 Qg4 21.
Qxg4 fxg4 22. Bh7+ 1/2-1/2

[Event "II Open Internazionale"]
[Site "Lodi ITA"]
[Date "2006.06.10"]
[Round "8"]
[White "Lupulescu, Constantin"]
[Black "Hossain, Enamul"]
[Result "1/2-1/2"]
[WhiteElo "2534"]
[BlackElo "2460"]
[PlyCount "51"]
[EventDate "2006.06.05"]

1. e4 c5 2. Nf3 e6 3. d4 cxd4 4. Nxd4 a6 5. Bd3 Nf6 6. O-O d6 7. Kh1 g6 8. f4
Bg7 9. Nd2 O-O 10. N2f3 e5 11. fxe5 dxe5 12. Ne2 Nc6 13. Qe1 h6 14. a3 Be6 15.
Be3 Rc8 16. Rd1 Qe7 17. b4 Rfd8 18. Bc5 Qc7 19. Qf2 Re8 20. h3 Nh5 21. Bb6 Qb8
22. Nfg1 Re7 23. g4 Nf4 24. Nxf4 exf4 25. Qxf4 Qxf4 26. Rxf4 1/2-1/2

[Event "II Open Internazionale"]
[Site "Lodi ITA"]
[Date "2006.06.10"]
[Round "8"]
[White "Mecking, Henrique"]
[Black "Fedorchuk, Sergey A."]
[Result "1-0"]
[WhiteElo "2554"]
[BlackElo "2576"]
[PlyCount "71"]
[EventDate "2006.06.05"]

1. c4 Nf6 2. Nc3 e5 3. g3 Bc5 4. Bg2 c6 5. e3 d6 6. d4 exd4 7. exd4 Bb4 8. Qe2+
Qe7 9. Bd2 Be6 10. O-O-O d5 11. Nh3 dxc4 12. Rhe1 O-O 13. Nf4 Nbd7 14. Nxe6
Qxe6 15. Qxe6 fxe6 16. Bh3 Nb6 17. f4 Rad8 18. Bxe6+ Kh8 19. Ne4 Bxd2+ 20. Rxd2
Nxe4 21. Rxe4 g6 22. Kc2 a5 23. Rde2 Rd6 24. b3 cxb3+ 25. Bxb3 a4 26. Be6 Rfd8
27. Kc3 Nd7 28. Bxd7 R8xd7 29. g4 Rf7 30. Re7 Kg7 31. R2e4 Rdf6 32. Rxf7+ Kxf7
33. Kb4 b5 34. Kc5 h6 35. h3 h5 36. g5 1-0

[Event "II Open Internazionale"]
[Site "Lodi ITA"]
[Date "2006.06.10"]
[Round "8"]
[White "Mrdja, Milan"]
[Black "Steingrimsson, Hedinn"]
[Result "1/2-1/2"]
[WhiteElo "2409"]
[BlackElo "2447"]
[PlyCount "44"]
[EventDate "2006.06.05"]

1. e4 c5 2. Nf3 d6 3. Bb5+ Nd7 4. O-O Ngf6 5. Re1 a6 6. Bf1 b6 7. c4 Bb7 8. Nc3
Ne5 9. d3 e6 10. b3 Be7 11. h3 Nxf3+ 12. Qxf3 Nd7 13. Be3 Bf6 14. Rac1 O-O 15.
Qd1 Bd4 16. Qd2 Bc6 17. Rc2 Re8 18. g3 Ra7 19. Bg2 Qa8 20. f4 f6 21. Qf2 Bxe3
22. Qxe3 e5 1/2-1/2

[Event "II Open Internazionale"]
[Site "Lodi ITA"]
[Date "2006.06.10"]
[Round "8"]
[White "Onkoud, Abdelaziz"]
[Black "Ricardi, Pablo Oswaldo"]
[Result "0-1"]
[WhiteElo "2420"]
[BlackElo "2515"]
[PlyCount "84"]
[EventDate "2006.06.05"]

1. e4 c5 2. Nf3 e6 3. d4 cxd4 4. Nxd4 Nf6 5. Bd3 Nc6 6. Nxc6 bxc6 7. O-O d5 8.
Nd2 Be7 9. Qe2 O-O 10. b3 a5 11. a4 Nd7 12. exd5 exd5 13. Re1 Bd6 14. Nf3 Nc5
15. Bb2 Bg4 16. Qe3 Nxd3 17. Qxd3 f6 18. Nd4 Qc7 19. h3 Bd7 20. Nf3 Be8 21. Nh4
Bf7 22. Nf5 Bg6 23. g4 Be5 24. Rab1 Bxb2 25. Rxb2 Rae8 26. Rbb1 Re5 27. Re3
Bxf5 28. gxf5 Qd7 29. Rf3 Rfe8 30. Kg2 Re4 31. c4 d4 32. b4 axb4 33. Rxb4 c5
34. Rb5 Qc6 35. a5 Re2 36. Kg3 h5 37. Rb6 h4+ 38. Kxh4 Qc7 39. Re6 R8xe6 40.
fxe6 Rxe6 41. Rf5 g6 42. Rf3 f5 0-1

[Event "II Open Internazionale"]
[Site "Lodi ITA"]
[Date "2006.06.10"]
[Round "8"]
[White "Peredy, Ferenc"]
[Black "Salvador, Roland"]
[Result "0-1"]
[WhiteElo "2343"]
[BlackElo "2396"]
[PlyCount "76"]
[EventDate "2006.06.05"]

1. d4 d5 2. c4 dxc4 3. Nf3 Nf6 4. e3 a6 5. Bxc4 e6 6. O-O c5 7. dxc5 Bxc5 8.
Qxd8+ Kxd8 9. b3 b5 10. Be2 Nbd7 11. a4 b4 12. Bb2 Bb7 13. Nbd2 Ke7 14. Rac1
Rac8 15. Rc2 Bd6 16. Rfc1 Bb8 17. Nd4 Rxc2 18. Rxc2 Be5 19. N2f3 Bd6 20. Nc6+
Bxc6 21. Rxc6 Nc5 22. Be5 Bxe5 23. Rxc5 Bd6 24. Rc6 a5 25. Nd4 Be5 26. Rc5 Bxd4
27. exd4 Rd8 28. Rxa5 Rxd4 29. Ra7+ Kd6 30. Rxf7 Rd2 31. Bc4 Rd1+ 32. Bf1 Ne4
33. Rf3 Nd2 34. Rd3+ Kc5 35. Rxd2 Rxd2 36. g3 Rc2 37. Bh3 Kd6 38. Bf1 Rc3 0-1

[Event "II Open Internazionale"]
[Site "Lodi ITA"]
[Date "2006.06.10"]
[Round "8"]
[White "Porter, Russel"]
[Black "Efimov, Igor"]
[Result "0-1"]
[WhiteElo "2201"]
[BlackElo "2437"]
[PlyCount "150"]
[EventDate "2006.06.05"]

1. c4 Nf6 2. Nc3 e6 3. e4 c5 4. e5 Ng8 5. Nf3 Nc6 6. d4 cxd4 7. Nxd4 Nxe5 8.
Ndb5 f6 9. Be3 a6 10. f4 Nf7 11. Qa4 Ngh6 12. O-O-O Be7 13. Bd3 O-O 14. Kb1 d6
15. Nd4 e5 16. Nde2 Ng4 17. Bg1 f5 18. Nd5 Nf6 19. Bb6 Qe8 20. Qxe8 Rxe8 21.
Nc7 Bd7 22. Nxa8 Rxa8 23. Rhf1 g6 24. Nc3 Bc6 25. g3 Rc8 26. Be2 Kg7 27. Nd5
Bd8 28. Bxd8 Nxd8 29. Nb6 Be4+ 30. Ka1 Rc6 31. fxe5 dxe5 32. Rxd8 Rxb6 33. Rfd1
Rc6 34. R8d6 g5 35. Rxc6 Bxc6 36. b4 f4 37. gxf4 gxf4 38. b5 axb5 39. cxb5 Bd5
40. Rf1 b6 41. Kb2 Kg6 42. a4 Kf5 43. Kc3 Bg2 44. Ra1 f3 45. Bc4 f2 46. a5 bxa5
47. Rxa5 Nd5+ 48. Kb3 f1=Q 49. Bxf1 Bxf1 50. Ra7 Bxb5 51. Rxh7 Nf6 52. Re7 Be2
53. Kc2 Bh5 54. Kd2 Kf4 55. Ke1 e4 56. Ra7 Ng4 57. Ra2 Ne5 58. Ra3 Nf3+ 59. Kf2
Nxh2 60. Rh3 Ng4+ 61. Ke1 Nf6 62. Rh1 Ke3 63. Rh3+ Bf3 64. Rh6 Nd5 65. Rh8 Nb4
66. Kf1 Nc2 67. Rd8 Be2+ 68. Kg1 Bd3 69. Rh8 Kd2 70. Rh2+ Kd1 71. Rh1 e3 72.
Kg2+ Kd2 73. Kf3 e2 74. Rh2 Kd1 75. Rh1+ e1=Q 0-1

[Event "II Open Internazionale"]
[Site "Lodi ITA"]
[Date "2006.06.10"]
[Round "8"]
[White "Postny, Evgeny"]
[Black "Soppe, Guillermo G."]
[Result "1-0"]
[WhiteElo "2572"]
[BlackElo "2409"]
[PlyCount "105"]
[EventDate "2006.06.05"]

1. c4 e6 2. Nf3 d5 3. g3 c6 4. Bg2 dxc4 5. a4 Nf6 6. Na3 a5 7. Nxc4 Na6 8. O-O
Be7 9. d4 O-O 10. Re1 Nb4 11. e4 b6 12. Bf4 Bb7 13. Qb3 b5 14. Nce5 bxa4 15.
Rxa4 c5 16. Ng5 Nh5 17. Ngxf7 Rxf7 18. Qxe6 Qe8 19. d5 Nxf4 20. gxf4 Ra6 21.
Qxf7+ Qxf7 22. Nxf7 Kxf7 23. Rd1 Bd8 24. Ra3 Rf6 25. f5 g6 26. Rf3 gxf5 27. e5
Rg6 28. Rxf5+ Ke8 29. Kh1 Rxg2 30. Kxg2 Nxd5 31. Kg3 Ne7 32. Rh5 Be4 33. Kf4
Bg6 34. Rh3 c4 35. Rd4 Bb6 36. Rxc4 Bxf2 37. e6 Be1 38. Rb3 Kf8 39. Rb8+ Kg7
40. Ke5 Kh6 41. Rb7 Nf5 42. e7 Ng7 43. Rb8 Bb4 44. Rcxb4 axb4 45. Rxb4 Be8 46.
Rg4 Bd7 47. Rg1 Ne8 48. b4 Kh5 49. Rd1 Bc6 50. Rc1 Bd7 51. Rd1 Bc6 52. Ke6 Kg4
53. Kf7 1-0

[Event "II Open Internazionale"]
[Site "Lodi ITA"]
[Date "2006.06.10"]
[Round "8"]
[White "Rombaldoni, Denis"]
[Black "Luciani, Valerio"]
[Result "1/2-1/2"]
[WhiteElo "2322"]
[BlackElo "2242"]
[PlyCount "87"]
[EventDate "2006.06.05"]

1. d4 d5 2. c4 c6 3. Nf3 Nf6 4. Nc3 dxc4 5. a4 Bf5 6. Ne5 e6 7. Nxc4 Bb4 8. e3
Nbd7 9. Qb3 a5 10. Be2 Qe7 11. O-O e5 12. e4 Nxe4 13. Bf3 Ng5 14. Bxg5 Qxg5 15.
Rae1 O-O 16. Nxe5 Be6 17. Qc2 Nxe5 18. Rxe5 Qg6 19. Be4 Qh6 20. Bf3 Qg6 21. Ne4
Bd5 22. Qe2 Bxe4 23. Rxe4 Rad8 24. Rd1 Qf6 25. g3 Rd7 26. Kg2 Re7 27. Rxe7 Qxe7
28. Qc4 g6 29. h4 h5 30. Rd3 Rd8 31. d5 cxd5 32. Bxd5 Rf8 33. Re3 Qd7 34. Qe4
Kg7 35. Bxb7 Qxa4 36. Bc6 Qd1 37. Bd5 Rd8 38. Qe5+ Kg8 39. Bxf7+ Kxf7 40. Rf3+
Kg8 41. Qe6+ Kh8 42. Qxg6 Qd5 43. Qh6+ Kg8 44. Qg6+ 1/2-1/2

[Event "II Open Internazionale"]
[Site "Lodi ITA"]
[Date "2006.06.10"]
[Round "8"]
[White "Schmitz, Andreas Arnold"]
[Black "Brunello, Sabino"]
[Result "0-1"]
[WhiteElo "2124"]
[BlackElo "2339"]
[PlyCount "58"]
[EventDate "2006.06.05"]

1. e4 e5 2. Nf3 Nc6 3. Bc4 Bc5 4. c3 Nf6 5. d4 exd4 6. cxd4 Bb4+ 7. Bd2 Bxd2+
8. Nbxd2 d5 9. exd5 Nxd5 10. O-O O-O 11. Ne5 Nxe5 12. dxe5 Nf4 13. Nf3 Bg4 14.
Qd4 Nh3+ 15. gxh3 Bxf3 16. Qe3 Qh4 17. Qxf3 Qxc4 18. Qxb7 Rab8 19. Qxa7 Rxb2
20. Rac1 Qe6 21. Qd4 Rxa2 22. Rxc7 Re2 23. Qg4 Qxe5 24. Rfc1 Re4 25. Qg3 Qf5
26. R7c5 Qd7 27. Rg5 g6 28. h4 h6 29. Qg2 Rfe8 0-1

[Event "II Open Internazionale"]
[Site "Lodi ITA"]
[Date "2006.06.10"]
[Round "8"]
[White "Spielmann, Alain"]
[Black "Fraser-Mitchell, Jeremy N."]
[Result "1-0"]
[WhiteElo "2250"]
[BlackElo "2107"]
[PlyCount "63"]
[EventDate "2006.06.05"]

1. Nf3 f5 2. c4 Nf6 3. g3 d6 4. d4 g6 5. Bg2 Bg7 6. O-O O-O 7. Nc3 Qe8 8. d5
Na6 9. Rb1 Bd7 10. b4 c6 11. dxc6 bxc6 12. a3 Rb8 13. Bb2 h6 14. Ba1 g5 15. c5
g4 16. Nh4 d5 17. b5 Nc7 18. bxc6 Be6 19. Rxb8 Qxb8 20. Ng6 Rd8 21. e3 Ne4 22.
Qc2 Kf7 23. Nf4 Bxc3 24. Bxc3 Nxc3 25. Qxc3 Qb5 26. Qe5 Qxc6 27. Nxe6 Nxe6 28.
Qxf5+ Ke8 29. Qg6+ Kd7 30. Qxg4 Qxc5 31. Bh3 Qc6 32. Rd1 1-0

[Event "II Open Internazionale"]
[Site "Lodi ITA"]
[Date "2006.06.10"]
[Round "8"]
[White "Trumpf, Walter"]
[Black "Astengo, Marcello"]
[Result "0-1"]
[WhiteElo "2084"]
[BlackElo "2096"]
[PlyCount "72"]
[EventDate "2006.06.05"]

1. d4 d5 2. e4 e6 3. Nc3 Nf6 4. Bg5 Bb4 5. a3 Bxc3+ 6. bxc3 dxe4 7. f3 h6 8.
Bh4 c5 9. Qd2 Nc6 10. Rd1 e3 11. Qd3 g5 12. Bg3 cxd4 13. cxd4 Qa5+ 14. c3 Nd5
15. Rc1 Qxa3 16. Ne2 Bd7 17. h4 Ncb4 18. Qb1 Na2 19. Qa1 Qb3 20. Rb1 Qc4 21.
hxg5 O-O-O 22. Be5 Bc6 23. Rb2 Ndxc3 24. Rc2 Qd3 25. Rxa2 Nxa2 26. Qxa2 Ba4 27.
Nc3 Qxc3+ 28. Ke2 Bb5+ 29. Kd1 Rxd4+ 30. Bxd4 Qxd4+ 31. Kc1 Qc3+ 32. Qc2 Qxc2+
33. Kxc2 e2 34. Bxe2 Bxe2 35. Kd2 Bc4 36. Rxh6 Rg8 0-1

[Event "II Open Internazionale"]
[Site "Lodi ITA"]
[Date "2006.06.10"]
[Round "8"]
[White "Varga, Zoltan"]
[Black "Lazic, Miroljub"]
[Result "1/2-1/2"]
[WhiteElo "2515"]
[BlackElo "2493"]
[PlyCount "43"]
[EventDate "2006.06.05"]

1. e4 e5 2. Nf3 Nc6 3. Nc3 Nf6 4. Bb5 Bb4 5. O-O O-O 6. d3 Bxc3 7. bxc3 d6 8.
h3 Ne7 9. Re1 Ng6 10. d4 Bd7 11. Bd3 Re8 12. Rb1 b6 13. Bd2 Bc6 14. d5 Bd7 15.
Nh2 h6 16. Qf3 Nh7 17. Nf1 Qh4 18. Qg3 Ng5 19. Kh1 Rf8 20. Ne3 Qf4 21. Qxf4
Nxf4 22. h4 1/2-1/2